|
|
|
|
| LEADER |
01082nam a2200289 4500 |
| 001 |
000015499 |
| 003 |
11882 |
| 005 |
20120529150500.0 |
| 008 |
120529s2010 viesd |
| 041 |
0 |
|
|a vie
|
| 082 |
|
|
|a 373.1
|b Hươ
|
| 245 |
|
0 |
|a Hướng dẫn tự đánh giá chất lượng chương trình đào tạo giáo viên trung học phổ thông trình độ đại học
|
| 260 |
|
|
|a Vinh
|c 2010
|
| 300 |
|
|
|a 130 tr
|c 29 cm
|
| 500 |
|
|
|a Bộ giáo dục và đào tạo dự án đào tạo giáo viên THPT và TCCN
|
| 653 |
|
|
|a đánh giá
|
| 653 |
|
|
|a chất lượng
|a TCCN
|a THPT
|a đào tạo giáo viên
|
| OWN |
|
|
|a LSP
|
| AVA |
|
|
|a UDN50
|b LSP
|d 373.1 Hươ
|e available
|t Error 5001 Not defined in file expand_doc_bib_avail.
|f 5
|g 0
|h N
|i 0
|k 1
|
| 999 |
|
|
|a From the UDN01
|
| AVA |
|
|
|a UDN50
|b LSP
|d 373.1 Hươ
|e available
|t Error 5001 Not defined in file expand_doc_bib_avail.
|f 5
|g 0
|h N
|i 0
|k 1
|
| TYP |
|
|
|a Monograph
|
| TYP |
|
|
|a Printed language
|
| 980 |
|
|
|a Mạng thư viện Đại học Đà Nẵng
|